Sports Quiz

Random Sports or NCAA Quiz

Big East College Towns (Clickable) Quiz Stats

Quiz not verified by Sporcle

Challenge
Share
Tweet
Embed
Score 0/21 Timer 15:00
0 Plays Today
% Correct
San Diego
89.7%
Cincinnati
89.7%
Louisville
88.9%
Memphis
88.9%
Boise
88%
Providence
88%
Philadelphia
87.2%
South Bend
87.2%
Houston
85.5%
Annapolis
83.8%
Washington, DC
81.2%
% Correct
Tampa
78.6%
Chicago
75.2%
Orlando
71.8%
Storrs
70.9%
Dallas
69.2%
Milwaukee
67.5%
Queens
62.4%
New Brunswick
53%
Villanova
51.3%
South Orange
47%

You're not logged in!

Compare scores with friends on all Sporcle quizzes.
Sign Up with Email
OR
Log In

You Might Also Like...

Show Comments

Extras

Top Quizzes Today


Score Distribution

Your Account Isn't Verified!

In order to create a playlist on Sporcle, you need to verify the email address you used during registration. Go to your Sporcle Settings to finish the process.

Report this User

Report this user for behavior that violates our Community Guidelines.

Details: